[Event "Players CUP 2008 <1600"]
[Site "SchemingMind.com"]
[Date "2008.06.28"]
[Round "-"]
[White "Zugzwang"]
[Black "Dannibal"]
[Result "1-0"]
[WhiteCountry "CAN"]
[BlackCountry "BEL"]
[WhiteElo "1493"]
[WhiteRD "56"]
[BlackElo "1012"]
[BlackRD "79"]
[GameID "161287"]

1. d4 g5 2. e4 e6 3. c4 Bb4+ 4. Bd2 a5 5. Bxb4 axb4 6. Bd3 d5 7. Nf3 dxe4 8. Bxe4 h6 9. O-O Nf6 10. a4 Ra5
11. Re1 b3 12. Nc3 Nc6 13. Qxb3 O-O 14. d5 exd5 15. cxd5 Ne7 16. Ne5 b6 17. Rad1 Bg4 18. f3 Nxe4 19. Rxe4 Bf5 20. Red4 Qd6
21. Nc4 Qc5 22. d6 Ng6 23. Nxa5 Qxa5 24. d7 Rd8 25. Nb5 c6 26. Nd6 Bxd7 27. Qxf7+ Kh8 28. Qxg6 Rg8 29. Nf7#
1-0

[Event "Players CUP 2008 <1600"]
[Site "SchemingMind.com"]
[Date "2008.06.28"]
[Round "-"]
[White "Zugzwang"]
[Black "jamesm_beatty"]
[Result "1-0"]
[WhiteCountry "CAN"]
[BlackCountry "USA"]
[WhiteElo "1493"]
[WhiteRD "56"]
[BlackElo "1474"]
[BlackRD "71"]
[GameID "161288"]

1. d4 Nf6 2. Nf3 g6 3. e3 d5 4. b3 Be6 5. Bb2 Nc6 6. Be2 Bg7 7. O-O O-O 8. Nc3 a6 9. h3 h6 10. Ne5 Ne4
11. Nxc6 bxc6 12. Nxe4 dxe4 13. c4 c5 14. Qc2 cxd4 15. Qxe4 dxe3 16. Bxg7 exf2+ 17. Rxf2 Kxg7 18. Rd1 Bf5 19. Rxf5 gxf5 20. Qe5+ f6
21. Qg3+ Kh7 22. Rxd8 Raxd8 23. Bh5 Rg8 24. Qxc7 Rd1+ 25. Bxd1
1-0

[Event "Players CUP 2008 <1600"]
[Site "SchemingMind.com"]
[Date "2008.06.28"]
[Round "-"]
[White "Zugzwang"]
[Black "dtedesco"]
[Result "0-1"]
[WhiteCountry "CAN"]
[BlackCountry "CAN"]
[WhiteElo "1493"]
[WhiteRD "56"]
[BlackElo "1460"]
[BlackRD "54"]
[GameID "161290"]

1. d4 Nf6 2. Nf3 d5 3. e3 c6 4. Bd3 Bg4 5. c4 e6 6. Qb3 b6 7. Ne5 Bh5 8. cxd5 cxd5 9. Bb5+ Nfd7 10. Nc3 Bd6
11. O-O O-O 12. e4 Nxe5 13. dxe5 Bxe5 14. f3 d4 15. Ne2 a6 16. Bd3 Nc6 17. Qxb6 Qxb6
0-1

[Event "Players CUP 2008 <1600"]
[Site "SchemingMind.com"]
[Date "2008.06.28"]
[Round "-"]
[White "Zugzwang"]
[Black "Carl Lenox"]
[Result "1-0"]
[WhiteCountry "CAN"]
[BlackCountry "CAN"]
[WhiteElo "1493"]
[WhiteRD "56"]
[BlackElo "1264"]
[BlackRD "59"]
[GameID "161291"]

1. d4 d5 2. Nf3 Nf6 3. e3 Nc6 4. Bd3 Bg4 5. c4 e6 6. Qb3 Bb4+ 7. Bd2 Bd6 8. Qxb7 Kd7 9. c5 Bf8 10. Bb5 Ke7
11. Bxc6 g6 12. Ba5 Bh6 13. Bxc7 Qf8 14. Bd6+ Kd8 15. Qc7#
1-0

[Event "Players CUP 2008 <1600"]
[Site "SchemingMind.com"]
[Date "2008.06.28"]
[Round "-"]
[White "lame wolf"]
[Black "Zugzwang"]
[Result "0-1"]
[WhiteCountry "INT"]
[BlackCountry "CAN"]
[WhiteElo "1074"]
[WhiteRD "50"]
[BlackElo "1493"]
[BlackRD "56"]
[GameID "161292"]

1. Nf3 f5 2. d4 Nf6 3. c4 e6 4. Bg5 Be7 5. Bxf6 Bxf6 6. e3 O-O 7. d5 b6 8. Nc3 Bb7 9. e4 c5 10. Rb1 e5
11. Bd3 f4 12. O-O d6 13. Nd2 Bc8 14. a3 Nd7 15. b4 Bg5 16. bxc5 bxc5 17. Nf3 Nb6 18. a4 Qf6 19. a5 Nd7 20. Be2 Qh6
21. Bd3 Nf6 22. Nxg5 Qxg5 23. Qf3 Bg4 24. h4 Qg6
0-1

[Event "Players CUP 2008 <1600"]
[Site "SchemingMind.com"]
[Date "2008.06.30"]
[Round "-"]
[White "twotone"]
[Black "Zugzwang"]
[Result "0-1"]
[WhiteCountry "ENG"]
[BlackCountry "CAN"]
[WhiteElo "1413"]
[WhiteRD "74"]
[BlackElo "1494"]
[BlackRD "57"]
[GameID "161293"]

1. d4 f5 2. e3 Nf6 3. Bd3 e6 4. Nf3 c6 5. O-O d5 6. Ne5 Nbd7 7. a3 Nxe5 8. Nc3 Nxd3 9. Qxd3 Bd6 10. f4 O-O
11. b4 Bd7 12. Bb2 Be8 13. Rf3 Bh5 14. Rg3 Rc8 15. Re1 Ng4 16. h3 Qh4 17. Ne2 Nh6 18. Kh2 Ng4+ 19. Kg1 Nh6 20. e4 dxe4
21. Qc3 Be7 22. Rb1 Bxe2 23. Qe3 Bf3 24. Rxf3 exf3 25. Qxf3 Rf6 26. d5 Rg6 27. dxe6 Rg3 28. Qf2 Qxh3 29. Kf1 Qg4 30. Bd4 Rxg2
31. Qxg2 Qxg2+ 32. Kxg2 Re8 33. Re1 a6 34. Kf3 b5 35. Rg1 g6 36. Rh1 Ng4 37. Re1 h5 38. Kg3 Rd8 39. c3 Bf6 40. Bxf6 Nxf6
41. e7 Re8 42. Kf3 Kf7 43. c4 bxc4 44. Re5 c3 45. Rc5 Ne4 46. Rxc6 Rxe7 47. a4 Re6 48. Rc4 Rb6 49. Ke3 h4 50. Ke2 h3
51. Rc7+ Ke6 52. Rh7 Rxb4 53. Rxh3 Rxa4 54. Rh1 Ng3+
0-1

[Event "Players CUP 2008 <1600"]
[Site "SchemingMind.com"]
[Date "2008.06.28"]
[Round "-"]
[White "nupshawjr"]
[Black "Zugzwang"]
[Result "0-1"]
[WhiteCountry "USA"]
[BlackCountry "CAN"]
[WhiteElo "1599"]
[WhiteRD "89"]
[BlackElo "1493"]
[BlackRD "56"]
[GameID "161294"]

1. e4 e5 2. f4 exf4 3. Nf3 g5 4. Bc4 g4 5. Bxf7+ Kxf7 6. Ne5+ Ke8 7. Qxg4 Nf6 8. Qxf4 d6 9. Nf3 Rg8 10. Nh4 Rg4
11. Qf2 Nxe4 12. Qe2 Qxh4+ 13. g3 Qe7 14. O-O Nc6 15. Re1 Bf5 16. d3 Ng5 17. Qxe7+ Bxe7 18. Nc3 Nf3+ 19. Kf1 Nxe1 20. Kxe1 Kd7
21. Bf4 Re8 22. Kf2 Bf6 23. Nd5 Bxb2 24. Rb1 Bd4+ 25. Be3 Bxe3+ 26. Nxe3 Re5 27. Nxg4 Bxg4 28. Rxb7 Re2+ 29. Kg1 Nd4 30. Rxa7 Nf3+
31. Kf1 Nd2+ 32. Kg1 Bf3 33. a4 Rg2+
0-1

[Event "Players CUP 2008 <1600"]
[Site "SchemingMind.com"]
[Date "2008.06.28"]
[Round "-"]
[White "kwabena"]
[Black "Zugzwang"]
[Result "1-0"]
[WhiteCountry "ENG"]
[BlackCountry "CAN"]
[WhiteElo "1661"]
[WhiteRD "71"]
[BlackElo "1493"]
[BlackRD "56"]
[GameID "161295"]

1. d4 f5 2. Bf4 Nf6 3. h3 e6 4. e3 Be7 5. Nf3 O-O 6. a3 c6 7. Bd3 d5 8. c4 Bd7 9. Nc3 Be8 10. O-O Bh5
11. Bh2 Nbd7 12. cxd5 cxd5 13. Be2 Rc8 14. Nb5 a6 15. Nc3 b5 16. Ne5 Nxe5 17. Bxe5 Bxe2 18. Nxe2 Nd7 19. Bh2 Bh4 20. Nf4 Rf6
21. Rc1 Rxc1 22. Qxc1 Nb6 23. Qb1 Nc4 24. Rc1 Nd2 25. Qa2 Ne4 26. Nd3 Rh6 27. b4 Qg5 28. Rc8+ Kf7 29. Rc7+ Ke8 30. Rc6 Rg6
31. Nf4 Bxf2+ 32. Kf1 Rf6 33. Qe2 Ng3+ 34. Bxg3 Bxg3 35. Nxe6 Rxe6 36. Rxe6+ Kd7 37. Rxa6 f4 38. Qxb5+ Kc7 39. Ra7+ Kc8 40. Qc6+
1-0

[Event "Players CUP 2008 <1600"]
[Site "SchemingMind.com"]
[Date "2008.06.28"]
[Round "-"]
[White "Dannibal"]
[Black "Zugzwang"]
[Result "0-1"]
[WhiteCountry "BEL"]
[BlackCountry "CAN"]
[WhiteElo "1012"]
[WhiteRD "79"]
[BlackElo "1493"]
[BlackRD "56"]
[GameID "161296"]

1. e4 e5 2. Nc3 Nf6 3. Nf3 Bb4 4. Nd5 Nxd5 5. exd5 O-O 6. Nxe5 Re8 7. c3 Rxe5+ 8. Qe2 Rxe2+ 9. Bxe2 Bc5 10. d4 Bb6
11. Bh5 d6 12. g4 Nd7 13. a4 a5 14. c4 Bxd4 15. Be3 Bxb2 16. Rb1 Bc3+ 17. Bd2 Bxd2+ 18. Kxd2 Nc5 19. Rhe1 Bxg4 20. Bxg4 Qg5+
21. Kc3 Qxg4 22. Re7 Qf3+ 23. Re3 Qxf2 24. Kd4 Qf4+ 25. Re4 Qxe4+ 26. Kc3 Qd3+ 27. Kb2 Qb3+ 28. Kc1 Qxc4+ 29. Kd1 Re8 30. Rb2 Qxd5+
31. Rd2 Qxd2+ 32. Kxd2 f5 33. h4 f4 34. Kc3 f3 35. Kc4 f2 36. h5 f1=Q+ 37. Kd4 Qd3#
0-1

[Event "Players CUP 2008 <1600"]
[Site "SchemingMind.com"]
[Date "2008.06.28"]
[Round "-"]
[White "jamesm_beatty"]
[Black "Zugzwang"]
[Result "1-0"]
[WhiteCountry "USA"]
[BlackCountry "CAN"]
[WhiteElo "1482"]
[WhiteRD "66"]
[BlackElo "1494"]
[BlackRD "57"]
[GameID "161297"]

1. e4 e5 2. Nf3 Nf6 3. Nxe5 d6 4. Nf3 Nxe4 5. Qe2 Qe7 6. d3 Nf6 7. Bg5 Nbd7 8. Nc3 Qxe2+ 9. Bxe2 h6 10. Bh4 c6
11. O-O-O Be7 12. Rhe1 O-O 13. d4 b5 14. Bxb5 cxb5 15. Rxe7 b4 16. Ne4 Nxe4 17. Rxe4 a5 18. Bg3 Bb7 19. Re7 Bc6 20. Bxd6 Ra6
21. d5 Bb5 22. Bc7 a4 23. Nd4 b3 24. axb3 a3 25. Nxb5 a2 26. Kd2 Nc5 27. Ra1 Nb7 28. Be5 Nc5 29. f3 Rc8 30. Nc3 Rd8
31. Bd4 Nd7 32. Ree1 Kh7 33. Nxa2 Rd6 34. c4 Rb8 35. b4 g6 36. c5 Rxd5 37. Kd3 Rb5 38. Nc3 Rxd4+ 39. Kxd4 Rxb4+ 40. Kd5 Nf6+
41. Kd6 Rxb2 42. Re2 Rxe2 43. Nxe2 Kg7 44. Ra8 Ng8 45. c6
1-0

[Event "Players CUP 2008 <1600"]
[Site "SchemingMind.com"]
[Date "2008.06.28"]
[Round "-"]
[White "dtedesco"]
[Black "Zugzwang"]
[Result "1-0"]
[WhiteCountry "CAN"]
[BlackCountry "CAN"]
[WhiteElo "1460"]
[WhiteRD "54"]
[BlackElo "1493"]
[BlackRD "56"]
[GameID "161299"]

1. e4 e5 2. f4 exf4 3. Nf3 g5 4. h4 g4 5. Ne5 d6 6. Nxg4 Bxg4 7. Qxg4 Qf6 8. Qc8+ Ke7 9. Qxc7+ Nd7 10. Qxb7 Rb8
11. Qxa7 Qe5 12. a4 Qxe4+ 13. Kd1 Kd8 14. Bb5 Ngf6 15. Nc3 Qxg2 16. Re1 Qg4+ 17. Ne2 f3 18. d3 fxe2+ 19. Rxe2 Qxh4 20. Bd2
1-0

[Event "Players CUP 2008 <1600"]
[Site "SchemingMind.com"]
[Date "2008.06.28"]
[Round "-"]
[White "Carl Lenox"]
[Black "Zugzwang"]
[Result "1/2-1/2"]
[WhiteCountry "CAN"]
[BlackCountry "CAN"]
[WhiteElo "1235"]
[WhiteRD "56"]
[BlackElo "1494"]
[BlackRD "57"]
[GameID "161300"]

1. e4 e5 2. Nf3 Nf6 3. Bc4 Nxe4 4. Nxe5 Qe7 5. d4 f6 6. Nd3 Nc3+ 7. Be3 Nxd1 8. Kxd1 d6 9. Nc3 Be6 10. Bb5+ c6
11. Ba4 b5 12. Bb3 Bxb3 13. cxb3 Qf7 14. Ke2 Be7 15. Rhe1 O-O 16. Kf1 f5 17. Rad1 d5 18. Bf4 Nd7 19. a4 Bb4 20. Nxb4 c5
21. Nbxd5 cxd4 22. Rxd4 Rae8 23. Nxb5 Rxe1+ 24. Kxe1 Re8+ 25. Be3 f4 26. Rxf4 Qxd5 27. Rd4 Qc6 28. Rd6 Qb7 29. Kf1 a6 30. Nd4 Nf6
31. Nf5 Qxb3 32. g4 Qxb2 33. g5 Ne4 34. Rd7 g6 35. Nh6+ Kh8 36. Bd4+ Qxd4 37. Rxd4 Nxg5 38. Rd6 Ra8 39. Rd7 a5=
1/2-1/2